[Event "FIDE-Wch k.o."]
[Site "Las Vegas"]
[Date "1999.07.31"]
[Round "1.1"]
[White "Ricardi, Pablo"]
[Black "Speelman, Jonathan S"]
[Result "1/2-1/2"]
[WhiteElo "2474"]
[BlackElo "2597"]
[Annotator "Finkel,A"]
[PlyCount "95"]
[EventDate "1999.07.31"]
[EventType "k.o."]
[EventRounds "7"]
[EventCountry "USA"]
[SourceTitle "CBM 072"]
[Source "ChessBase"]
[SourceDate "1999.10.01"]
[SourceVersion "1"]
[SourceVersionDate "1999.10.01"]
[SourceQuality "1"]

{[%mdl 4128]} 1. e4 {Pein.} Nf6 {Pein: 'A particularly aggressive choice that
sidesteps any preparation'} 2. e5 Nd5 3. d4 d6 4. Nf3 dxe5 5. Nxe5 g6 6. Nd2
Nd7 (6... Bg7 7. Ndf3 O-O 8. Bc4 c6 9. c3 Nd7 10. Nd3 a5 11. a4 N7f6 12. O-O
Bg4 13. h3 Bxf3 14. Qxf3 $14 {Hebden,M-Marinkovic,I/Vrnjacka Banja 1989}) (6...
c6 $5 7. Ndf3 Bg7 8. Bc4 Nd7 9. Nd3 O-O 10. Bb3 h6 11. O-O b5 12. a4 Bb7 13.
Bxd5 cxd5 14. axb5 $14 {Tiviakov,S-Tu Hoang Thong/World Cities 1997}) 7. Nxd7 (
7. Ndf3 Nxe5 8. Nxe5 Bg7 9. c4 Nb6 10. Bf4 O-O 11. Be2 c5 $6 12. dxc5 Nd7 13.
Nxd7 Bxd7 14. O-O $14 {Czebe,A-Horvath,C/Honved-B 1997}) 7... Qxd7 ({Black
doesn't face any problems also after} 7... Bxd7 8. c3 Bg7 9. Nf3 O-O 10. g3 $6
Nb6 11. Bg2 Bb5 $15 {Mojzis,J-Golubovic,B/Hradec Kralove op 1992}) 8. Nf3 Bg7
9. Be2 Qd6 $5 10. O-O O-O 11. Re1 c5 12. dxc5 ({Nothing promises} 12. c3 cxd4 (
12... a6 $5) 13. Nxd4 Rd8 14. Bf3 Qf6 15. Qb3 e6 $11 {with balanced position.})
12... Qxc5 13. c4 Nb4 {Pein: 'Black gets kicked around after this but he's OK'}
(13... Nf6 14. Be3 (14. Qd4 {Pein} b6 15. Qxc5 bxc5 {was an interesting
alternative} 16. Be3 Ng4 17. Bxc5 Bxb2 18. Rab1 Bf6 19. Nd2 $1 {intending Bf3
would be a problem}) 14... Qc7 15. Qb3 Bf5 16. Rad1 Be4 17. Nd4 $14) 14. a3 Nc6
15. b4 Qb6 (15... Qf5 {(Pein) was a little more active and if Bd3 Qh5}) 16. Be3
$14 {White managed to get a minimal advantage after the opening.} Qc7 17. Rc1 {
Pein: 'White's queenside majority looks good but Black is still fine'} Bb2 (
17... Rd8 {(Pein) develops harmoniously eg} 18. Qb3 Bg4 19. c5 Bxf3 20. Bxf3
Nd4 {with no problems}) 18. Rb1 Bc3 ({After} 18... Bxa3 $6 19. Qa4 Bxb4 20.
Rxb4 Nxb4 21. Qxb4 $14 {white keeps an upper hand.}) 19. Rf1 Be6 {'?!' Pein.
Pein: 'Black begins to lose the plot'} (19... Bf5 {Pein} 20. Qb3 Bg7 (20...
Bxb1 21. Qxc3 Bf5 22. Bh6 f6 23. Bxf8 Rxf8 $14) 21. Rbd1 Rfd8 $11) 20. Qc1 {
'!' Pein.} Bf6 21. Bf4 Qc8 22. Bg5 {'!' Pein.} ({Deserved attention} 22. Qe3 $5
{increasing the pressure.}) 22... Re8 23. Bxf6 exf6 24. Qc3 (24. Qf4 Kg7 25.
Rfe1 a5 26. c5 axb4 27. axb4 Bf5 28. Rb2 Re4 $11) 24... Ne5 25. Rbc1 a5 26.
Rfe1 ({Nothing changes} 26. Rfd1 axb4 27. axb4 Ra2 28. Rd2 Nxf3+ 29. Bxf3 Rxd2
30. Qxd2 Bxc4 $11 {with eqaulity}) 26... axb4 {Pein: 'draw offer'} 27. axb4
Nxf3+ 28. Bxf3 (28. Qxf3 {(Pein) was not as good because of} Bxc4 29. Rxc4 Qxc4
$1 30. Bxc4 Rxe1+ 31. Bf1 Raa1) 28... Qxc4 $5 {Pein: 'Now Black has to suffer'}
29. Qxc4 Bxc4 30. Rxe8+ Rxe8 31. Bxb7 Re2 $5 {Pein: 'Its essential to get the
rook behind the pawn '} 32. h3 ({More chanses would leave} 32. f3 $5 Be6 (32...
Bb5 $6 33. Rc5 Bd3 34. Bd5 $1 Rb2 35. Rc3 Bf5 36. Rb3 $16 {[%cal Gb4b8]}) 33.
Rb1 Bf5 34. Rd1 Rb2 35. Rd4 h5 36. Bc6 $14 {and black still has to be carefull.
}) (32. Rb1 Bb5 $1 33. Bf3 Rc2 $11) 32... Be6 33. Rb1 (33. b5 Rb2 34. Bc6 Kf8
$11 {[%cal Gf8d6]}) 33... Ba2 34. Bf3 Rc2 {Pein: 'Exchanging rooks would make
the b pawn unstoppable'} 35. Rd1 Kf8 36. b5 Rb2 37. Rd8+ Ke7 38. Rb8 f5 $1 $11
{[%cal Ga2b1,Gb1e4] Important manouvre permitting black to save the game.} 39.
b6 Bb1 {Pein: 'If Black can get the bishops of he might draw'} 40. b7 {'??'
Pein.} (40. g4 Be4 41. Kg2 Kd6 42. gxf5 gxf5 43. Bxe4 fxe4 44. Kg3 Ke5 $11) (
40. Bd5 $1 {Pein} Be4 41. Rb7+ Kd6 42. Bxe4 fxe4 43. Rxf7 Rxb6 44. Rxh7 (44.
Rf6+ $2 {The king and pawn endgame is Ok for Black} Kc5 45. Rxb6 Kxb6 46. Kh2
Kc5 47. Kg3 Kd4 48. Kf4 Kd3) 44... Ke6 {and the white king emerges on g3 with
good winning chances}) 40... Be4 41. Bxe4 fxe4 42. Kf1 h5 43. g4 {Pein:
'Speelman pointed out that White could just wait because ...Kf6 can be met by
Re8 anytime'} hxg4 44. hxg4 Kf6 (44... e3 $5 {Pein} 45. fxe3 Kf6 46. Re8 (46.
Kg1 $2 Kg5) 46... Rxb7 47. Kg2 $11) 45. Re8 Rxb7 46. Rxe4 Kg5 47. Kg2 Kh4 48.
Rf4 1/2-1/2

[Event "St Petersburg-ch"]
[Site "St Petersburg"]
[Date "1998.04.07"]
[Round "1"]
[White "Yemelin, Vasily"]
[Black "Popov, Valerij"]
[Result "0-1"]
[WhiteElo "2485"]
[BlackElo "2505"]
[Annotator "Finkel,A"]
[PlyCount "66"]
[EventDate "1998.04.07"]
[EventType "tourn"]
[EventRounds "13"]
[EventCountry "RUS"]
[EventCategory "10"]
[SourceTitle "CBM 065"]
[Source "ChessBase"]
[SourceDate "1998.08.06"]
[SourceVersion "1"]
[SourceVersionDate "1998.08.06"]
[SourceQuality "1"]

{[%mdl 7360]} 1. e4 Nf6 2. e5 Nd5 3. d4 d6 4. Nf3 dxe5 5. Nxe5 Nd7 $5 6. Nxf7
$5 {Yemelin is very ambitious player and he bravely 'picks up a glove'!} Kxf7
7. Qh5+ Ke6 8. g3 b5 9. a4 (9. Nc3 $5 N7f6 10. Bh3+ Kd6 11. Qe5+ Kc6 12. Bg2 e6
13. Qe2 a6 14. a4 Rb8 15. axb5+ axb5 16. O-O $44 {Blazkova,P-Bombek,P/
SVK-chT9596 1996 (29)}) (9. b3 b4 10. c4 N5f6 $2 11. Bh3+ Kd6 12. c5+ Kc6 13.
Bg2+ Kb5 14. Qe2+ {1-0 Nehlert,P-Menge,M/VLS Baden 1992}) 9... c6 10. Bh3+ (10.
axb5 cxb5 (10... g6 $6 11. Qe2+ Kf7 12. bxc6 N7b6 13. Bg2 Nf6 14. c3 Bg7 15.
Nd2 $14 {Ernst,T-Komarov,D/Dortmund op-A 1992/1-0 (60)}) 11. Nc3 N7f6 12. Bh3+
Kd6 13. Qe5+ Kc6 14. Bg2 e6 15. O-O Bd6 16. Qe2 Qb6 $15 {Odendahl,R-Essing,A/
NRW-II 1996 (36)}) 10... Kd6 11. Nc3 (11. axb5 $5 cxb5 12. Nc3 N7f6 13. Qe5+
Kc6 14. Bf1) 11... b4 12. Nxd5 $6 {Missing very strong continuation} (12. Bf4+
$1 Nxf4 (12... e5 13. dxe5+ (13. Bxe5+ Ke7 $8 14. Nxd5+ cxd5 15. Bg2 $44 {
[%cal Ge1g1]}) 13... Kc5 $8 14. Ne4+ (14. Nxd5 $5 cxd5 15. O-O-O $40 {[%cal
Gf4e3,Gh3g2,Re5e6]} (15. O-O $5)) 14... Kb6 15. a5+ $40) 13. Ne4+ Kc7 14. Qa5+
$1 Nb6 15. Qe5+ Qd6 (15... Kb7 $4 16. Nc5#) 16. Nxd6 exd6 17. Qxf4 Bxh3 18.
Qf7+ Bd7 19. O-O $14 {[%csl Rf8,Rh8][%cal Gf1e1,Ga4a5,Gc2c4]}) 12... cxd5 13.
c4 $5 Nf6 (13... bxc3 $6 14. bxc3 $44 {[%cal Gc1a3,Gc3c4]}) 14. Qe5+ Kc6 15.
Bg2 Qd6 {[%cal Gc6d7,Gc8b7]} 16. Bf4 $5 Kd7 17. cxd5 Ke8 18. Rc1 $6 $15 {
[%cal Gc1c6] White definitly has some compensation for the material losses,but
black's chanses should be prefered.Interesting option was} (18. Qe3 $5 Qa6 19.
d6 Bb7 20. Bxb7 Qxb7 21. O-O {[%cal Ga1c1,Gc1c7]} Nd5 22. Qe4 $13 {with
extremly complicated position.}) 18... Bb7 19. Rc6 Qxe5+ $1 {Black defends
extremly strong and white's initiative gradually decreases.} (19... Bxc6 $143
20. dxc6 Rc8 21. Qb5 Qxd4 22. c7+ Kf7 (22... Nd7 23. Qb7 Nb6 24. Bh3 $36) 23.
Qb8 $16) 20. dxe5 Nh5 21. Rc7 $6 {More chanses of successfull resistance would
leave} (21. Bd2 $5 Bxc6 22. dxc6 g6 $1 {[%csl Rh5]} 23. Bh3 Kd8 24. Bxb4 a5 25.
Bd2 Kc7 26. O-O e6 $1 $17) 21... Nxf4 22. gxf4 Rb8 23. O-O (23. f5 g6 24. f6
Kd8 25. Rc4 exf6 26. exf6 Bd6 $19) 23... Kd8 24. Rfc1 Rc8 $17 {Black has
managed to change almost all the pieces and his advantage becomes more and
more visible.} 25. Rxc8+ Bxc8 26. f5 (26. Rc4 b3 27. Rc3 g6 28. Rxb3 Bh6 29.
Rb8 Bxf4 $19) 26... g6 27. fxg6 hxg6 28. Rc4 Bg7 29. f4 Rh4 $1 $19 {[%csl Rf4]
[%cal Gh4c4,Gg7h6]} 30. Bf1 Bh6 31. Rxb4 Rxf4 32. Rb8 Kc7 33. Rb5 Rxf1+ $1 0-1

[Event "Groningen Harmonie"]
[Site "Groningen"]
[Date "2002.12.21"]
[Round "1"]
[White "Jonkman, Harmen"]
[Black "Li, Wenliang"]
[Result "0-1"]
[WhiteElo "2456"]
[BlackElo "2497"]
[Annotator "Finkel,A"]
[PlyCount "84"]
[EventDate "2002.12.21"]
[EventType "tourn"]
[EventRounds "9"]
[EventCountry "NED"]
[EventCategory "10"]
[SourceTitle "CBM 093"]
[Source "ChessBase"]
[SourceDate "2003.04.01"]
[SourceVersion "1"]
[SourceVersionDate "2003.04.01"]
[SourceQuality "1"]

1. e4 Nf6 2. e5 Nd5 3. d4 d6 4. Nf3 dxe5 5. Nxe5 g6 6. Bc4 c6 7. Nd2 Bg7 8.
Ndf3 O-O 9. O-O Be6 10. Bb3 (10. Qe2 Nd7 11. c3 Nxe5 12. Nxe5 Qc8 13. Re1 Nc7
14. Bf4 Bxc4 15. Nxc4 Nd5 16. Be5 Bxe5 17. Qxe5 Qb8 $11 {Fehling,M-Donchenko,A/
Duesseldorf 1994}) (10. Re1 Nd7 11. Qe2 Nxe5 12. Nxe5 Qd6 13. Bb3 a5 14. a4 Nb6
15. Bxe6 Qxe6 16. c3 Rfe8 17. Nd3 Qxe2 18. Rxe2 Nd7 $11 {Manca,F-Iannacone,E/
Italy 1996}) 10... Nd7 11. Nd3 (11. h3 Nxe5 12. dxe5 {1/2-1/2 Meudt,M-Jung,K/
Germany 1994/EXT 2000 (12)}) 11... a5 12. a4 (12. c3 Nc7 13. Bc2 Bd5 14. Nf4 e5
15. Nxd5 Nxd5 16. dxe5 Nxe5 17. Nxe5 Bxe5 $11) 12... Nc7 13. c3 Bd5 14. Bf4 e6
15. Re1 (15. Nfe5 Nxe5 16. Nxe5 Bxb3 17. Qxb3 Nd5 18. Bg3 Qe7 19. Rfe1 $14)
15... b5 16. Nd2 {[%cal Gd2e4]} (16. Bxc7 Qxc7 (16... Bxf3 $2 17. Bxd8 (17.
Qxf3 Qxc7 18. axb5 cxb5 19. d5 e5 20. d6 Qxd6 21. Bxf7+ Kh8 22. Qd5 Ra6 $132)
17... Bxd1 18. Bxd1 Rfxd8 19. Bf3 {[%cal Gf3a8]} b4 20. cxb4 $16 {[%csl Rc6]})
17. Bxd5 cxd5 18. axb5 Qc4 $1 $13) 16... h5 17. h3 Qc8 18. Ne4 (18. Bc2 $5)
18... Bxe4 19. Rxe4 Nd5 20. Bg3 (20. Bh2 Qb7 21. Ne5 b4 22. Nxd7 Qxd7 23. Qf3
bxc3 24. bxc3 c5 $13) 20... Qb7 21. Qf3 Rfc8 22. Ree1 b4 23. c4 $6 {[%csl Rd4]}
(23. Rab1 $5 {[%cal Gb1b7]} bxc3 24. bxc3 Nxc3 $140 $2 25. Qxf7+ $1 Kxf7 26.
Bxe6+ $18) 23... Ne7 24. Ne5 Nxe5 25. Bxe5 Rd8 26. Rad1 (26. Bc2 Bxe5 27. dxe5
Rd2 28. Rad1 $1 Rad8 (28... Rxc2 29. Qb3 $16) 29. Qe3 Rxd1 30. Rxd1 Rxd1+ 31.
Bxd1 Nf5 32. Qc5 Qd7 $13) 26... Nf5 27. Qe4 (27. Bxg7 Kxg7 28. Qe4) 27... Bxe5
28. dxe5 $6 (28. Qxe5 {[%cal Gd4d5]}) 28... Qb6 29. c5 $2 (29. Bc2 $13) 29...
Qxc5 30. g4 hxg4 31. hxg4 Rd4 $1 32. Rxd4 Nxd4 33. Bd1 Rd8 $19 34. Kg2 Qd5 35.
Bf3 Qxe4 36. Bxe4 c5 37. Rc1 Nb3 38. Rc2 Rd2 39. Rxd2 Nxd2 40. Bc2 Nc4 41. b3
Nxe5 42. g5 c4 0-1

[Event "Tel Aviv super 1st"]
[Site "Tel Aviv"]
[Date "1999.05.14"]
[Round "4"]
[White "Liss, Eran"]
[Black "Zilberman, Yaacov"]
[Result "1-0"]
[WhiteElo "2512"]
[BlackElo "2513"]
[Annotator "Finkel,A"]
[PlyCount "67"]
[EventDate "1999.05.11"]
[EventType "tourn"]
[EventRounds "9"]
[EventCountry "ISR"]
[EventCategory "14"]
[SourceTitle "CBM 071"]
[Source "ChessBase"]
[SourceDate "1999.08.01"]
[SourceVersion "1"]
[SourceVersionDate "1999.08.01"]
[SourceQuality "1"]

1. e4 Nf6 2. e5 Nd5 3. d4 d6 4. Nf3 c6 {Slightly passive,but nevertheless
playable variation.} 5. c4 Nc7 6. Nc3 (6. Be2 Bg4 7. exd6 exd6 8. d5 $5 c5 9.
Nc3 Be7 10. O-O O-O 11. Re1 Nd7 12. Bf4 Re8 13. h3 $14 {Ye Jiangchuan-Miles,A/
Beijing op 1993}) 6... Bg4 7. exd6 (7. h3 Bxf3 8. Qxf3 dxe5 9. dxe5 Nd7 10. Bf4
Ne6 $132 {Bardel,S-Yewdokimov,O/Aix les Bains 1991}) 7... exd6 8. h3 {More
ambitious approuch than 8.Be2:} (8. Be2 $6 Be7 9. O-O O-O 10. h3 (10. Be3 Nd7
11. Qc2 Nf6 12. Rfe1 Qd7 13. a4 a5 14. Rad1 $14 {Kluegel,J-Yewdokimov,O/Bern
op 1992}) 10... Bh5 11. Be3 Nd7 12. Qd2 Re8 13. b4 $6 Nb6 $15 {Nunez Vallina,
J-Miles,A/Oviedo rapid 1993}) (8. d5 $5) 8... Bh5 9. Be3 ({Another option is} 
9. g4 $5 Bg6 10. Qb3 b6 (10... Qc8 11. Be3) 11. Be3 Nd7 12. h4 h5 13. gxh5 Bxh5
14. Be2 Be7 15. Ng5 $5 $14 {with dangerous initiative.}) 9... Be7 10. Be2 Nd7
11. g4 Bg6 12. h4 h5 13. g5 a6 $6 {After this hasitant move black finds
himself in troubles.Better was} (13... b5 $5 14. cxb5 (14. b3) 14... cxb5 15.
Bxb5 Nxb5 16. Nxb5 O-O $44 {with strong counterlay.}) 14. d5 $1 $14 c5 (14...
O-O $2 15. dxc6 bxc6 16. Nd4 $1 Ne5 17. f4 c5 $8 18. Nb3 $16 {[%csl Rh5]}) (
14... Rb8 $5 15. dxc6 (15. Qd2 cxd5 (15... O-O 16. dxc6 bxc6 17. Nd4 Ne5 18. f4
c5 19. Nb3 $16) 16. Nxd5 Nxd5 17. Qxd5 Nc5 18. b4 $14) 15... bxc6 16. Qd2 Ne5
17. O-O-O Ne6 18. Nd4 $14) 15. Nh2 {[%csl Rh5][%cal Gh2f1,Gf1g3] Black is
deprived of counterplay and white move by move increases the pressure.} b5 16.
b3 Rb8 17. f4 $16 (17. Nf1 $5 bxc4 18. bxc4 Rb2 19. Ng3 Ne5 20. f4 $16) 17...
bxc4 18. bxc4 Rb4 19. Nf1 Nb6 $5 {Desperately trying to create something,but
white's cool reaction is lethal.} 20. a3 Rb2 (20... Rxc4 $2 21. Bxc4 Nxc4 22.
Qa4+ $18) 21. Bc1 Rc2 22. Bd2 {The rook is trapped and in addition to
positional advantage very soon white will also have the material one.} Qd7 (
22... Rb2 23. Ne3 $1 $18 {[%csl Rb2][%cal Gf4f5,Gd2c1]}) 23. Ne3 Rb2 24. Qc1
$18 Rxd2 25. Kxd2 $1 O-O 26. Rf1 $1 {[%cal Gf4f5] Forcing the exchange of
queens.} Bf5 27. Nxf5 Qxf5 28. Qb1 {[%cal Gb1f5,Gb1b6]} Qxb1 29. Raxb1 Nca8 30.
a4 {Full dominaion of white!} a5 31. Rb5 Bd8 32. Kd3 Bc7 33. Bxh5 Re8 34. Bg4
1-0

[Event "Guillermo Garcia Memorial-A 06th"]
[Site "Santa Clara"]
[Date "1998.06.08"]
[Round "13"]
[White "De la Riva Aguado, Oscar"]
[Black "Vasquez Schroder, Rodrigo Rafael"]
[Result "1/2-1/2"]
[WhiteElo "2495"]
[BlackElo "2485"]
[Annotator "Finkel,A"]
[PlyCount "70"]
[EventDate "1998.05.24"]
[EventType "tourn"]
[EventRounds "13"]
[EventCountry "CUB"]
[EventCategory "9"]
[SourceTitle "CBM 066"]
[Source "ChessBase"]
[SourceDate "1998.09.30"]
[SourceVersion "1"]
[SourceVersionDate "1998.09.30"]
[SourceQuality "1"]

1. e4 Nf6 2. e5 Nd5 3. d4 d6 4. Nf3 g6 5. Bc4 Nb6 6. Bb3 Bg7 7. Ng5 $5 e6 8.
Qf3 Qe7 9. Ne4 dxe5 10. Bg5 Qb4+ 11. c3 Qa5 12. Bf6 Bxf6 (12... O-O $5 13. Bxg7
Kxg7 14. Qf6+ Kg8 15. Qxe5 Nc6 16. Nf6+ Kh8 17. Qf4 $5 Kg7 18. Ng4 f5 $13 {
Kruppa,Y-Khmelnitsky,I/URS-sf Ukraine-ch 1989 (46)}) 13. Qxf6 O-O (13... Rf8 $6
14. Qxe5 Qxe5 15. dxe5 Ke7 16. Nbd2 a5 17. a4 Bd7 18. O-O $14 {Drozdov,
I-Anokhin,V/Moscow6 1991/1/2-1/2 (68)}) 14. Qxe5 Nc6 $5 (14... Qxe5 15. dxe5
Bd7 (15... Nc6 $5 16. f4 Na5 17. Nbd2 Nxb3 18. axb3 Nd5 19. g3 $14 {Bielczyk,
J-Hudecek,J/Hlohovec op 1993 (31)}) 16. Nbd2 Nc6 (16... Bc6 17. f4 N6d7 18. Bc2
a5 19. O-O-O Kg7 20. Rhe1 $14 {Khalifman,A-Fedorowicz,J/Wijk 1991 (48)}) 17. f4
Ne7 18. h4 Ned5 19. g3 $14 {Trabert,B-Brebric,R/Badenweiler op 1995 (24)}) 15.
Qxa5 $6 {As shows the following game with this move white hardly can hope to
get an opening advantage so deserves attention} (15. Qxc7 $5 Nxd4 16. O-O $1
Nxb3 17. axb3 Qxa1 18. Nf6+ Kg7 19. Qe5 $40 {with extremly dangerous
initiative;Ljubojevic,L-Alburt,L/New York op 1985 (28)}) 15... Nxa5 16. Nbd2 $6
{Giving up a bishop is not the best solution.After correct} (16. Bc2 $5 Nbc4
17. b3 Nd6 18. Nbd2 b6 19. O-O-O Bb7 20. Rhe1 $14 {white keeps the symbolical
advantage.}) 16... Nxb3 17. axb3 Nd5 $11 {The position is equal,but black is
the one who has the potential to fight for the advantage.} 18. O-O b6 19. b4
Bb7 20. Rfe1 a6 21. g3 Kg7 22. Nc4 Rad8 23. f4 {White has managed to prevent
e5 and c5,but the problem is that white himself is totally deprived of active
counterplay and black has plenty of time to prepare g5.} Nxb4 $5 {Changing the
character of the game.Another promising possibility was} (23... h6 $5 24. Kf2
f6 25. Ned2 Kf7 26. h4 Rg8 27. Re2 Rde8 $15) 24. cxb4 Rxd4 25. Ncd2 Rfd8 (25...
f5 $6 {[%csl Re6]} 26. Ng5 Rxd2 27. Nxe6+ Kf7 28. Nxf8 Kxf8 29. Rac1 $14) 26.
Re2 Rxb4 27. Rb1 a5 $5 $15 {Black has three pawns for a piece and his bishop
is extremly strong,but white's defensive resourses are quiet significient.} 28.
Nc3 Ba6 29. Rf2 Rd3 (29... Bd3 $5 30. Na2 $8 (30. Rd1 Rxb2 31. Nc4 Rb3 $1 $17)
30... Bxb1 31. Nxb4 Rxd2 32. Rxd2 axb4 33. Kf2 Kf6 34. Ke3 Ke7 $15) 30. Na2
Rbd4 31. Nf1 c5 32. Nc3 h5 (32... b5 $5 $36) 33. Re1 $1 a4 34. Re3 Kf8 35. Rxd3
Bxd3 $13 1/2-1/2

[Event "HUN-ch 53rd"]
[Site "Heviz"]
[Date "2003.05.15"]
[Round "4"]
[White "Almasi, Zoltan"]
[Black "Varga, Zoltan"]
[Result "1-0"]
[WhiteElo "2676"]
[BlackElo "2533"]
[Annotator "Finkel,A"]
[PlyCount "87"]
[EventDate "2003.05.12"]
[EventType "tourn"]
[EventRounds "9"]
[EventCountry "HUN"]
[EventCategory "13"]
[SourceTitle "CBM 096"]
[Source "ChessBase"]
[SourceDate "2003.09.25"]
[SourceVersion "1"]
[SourceVersionDate "2003.09.25"]
[SourceQuality "1"]

1. e4 Nf6 2. e5 Nd5 3. d4 d6 4. Nf3 g6 5. Bc4 Nb6 6. Bb3 d5 7. c3 {It's
interesting that Varga is playing this dubious variation quite often, however
it seems that white keeps better chances in any case.} (7. O-O Bg4 (7... a5 8.
a4 (8. c3 Bg7 9. Bc2 O-O 10. Ng5 h6 11. Nf3 Bg4 12. h3 Bxf3 13. Qxf3 e6 14. Na3
$14 {Acs,P-Varga,Z/Budapest 1996}) 8... Bg4 9. Nbd2 e6 10. h3 Bxf3 11. Nxf3 c5
12. dxc5 Bxc5 13. Bh6 Nc6 14. c3 $36 {Palkovi,J-Varga,Z/Budapest 1996}) (7...
Bg7 8. h3 O-O 9. a4 Nc6 10. Qe2 Na5 11. Ba2 a6 12. b4 Nc6 13. a5 $14 {Jens,
J-Rakazovic,Z/Hilton Open 1999}) 8. Nbd2 a5 9. c3 a4 10. Bc2 e6 11. Re1 c5 12.
Bd3 cxd4 13. cxd4 Nc6 14. h3 Bf5 $13 {1/2-1/2 Istratescu,A-Varga,Z/Herculane
1996/CBM 56 ext (14)}) (7. Bf4 Bg4 8. a4 $5 e6 9. a5 N6d7 10. Nbd2 c5 11. h3
Bxf3 12. Nxf3 c4 13. Ba4 Qxa5+ 14. c3 b5 15. Bc2 Qb6 16. h4 $44 {Pedersen,
D-Varga,Z/Budapest 1996}) (7. h3 a5 8. a4 Bg7 9. O-O O-O 10. Nc3 (10. Re1 c6 (
10... Na6 11. Nbd2 c5 12. c3 cxd4 13. Nxd4 Nc5 14. Bc2 $14 {Hatanbaatar,
B-Hurelbaatar,C/Mongolia-ch 1994}) (10... Nc6 11. c3 f6 12. exf6 exf6 13. Nbd2
Re8 14. Nf1 Be6 15. Bf4 Qd7 16. Bc2 Nc4 17. b3 Nd6 18. Ng3 Ne7 $11 {
Dimitrijevic,V-Levitina,I/USA-chW 1994}) 11. Nc3 Na6 12. Ne2 Nc7 13. c3 Ne6 (
13... Nc4 14. Bc2 b5 15. b3 Nb6 16. Nf4 bxa4 17. bxa4 Nc4 18. Rb1 f6 19. e6 $1
$36 {Adams,M-Dunnington,A/Haringey 1989}) 14. Bc2 f5 15. exf6 $11 {Borgo,
G-Varga,Z/Budapest 1999}) 10... Na6 11. Bf4 h6 12. Re1 Bf5 13. Qd2 g5 14. Bg3
c5 15. dxc5 Nxc5 16. Bxd5 $16 {Heinatz,T-Varga,Z/Budapest 1996}) 7... Bg7 8.
Nbd2 a5 9. O-O O-O 10. Re1 Na6 ({An attempt to solve opening problems by
trading the lightsquared bishop was doomed to failure:} 10... Bg4 11. h3 Bxf3
12. Nxf3 e6 13. Bg5 Qd7 14. Qd2 $16 {and white has good attacking chances on
the kingside.}) 11. Bc2 c5 12. a3 {[%csl Gb4]} cxd4 13. cxd4 Nc7 14. h3 Ne6 ({
Of course not} 14... Bf5 15. Bxf5 gxf5 16. Nf1 $16 {[%cal Gf1g3,Gg3h5] and
white knight comes to h5 with very dangerous threats.}) 15. Nf1 a4 16. h4 Bd7
17. h5 Rc8 18. g3 f5 $5 {[%csl Rg6]} (18... Bb5 19. Ne3 Qd7 20. Bd2 Rc6 21. Kg2
Rfc8 22. Rh1 Nc4 23. Nxc4 Rxc4 24. Bc3 $36) 19. hxg6 hxg6 20. Bd2 Nc4 21. Bc3
b5 $6 ({Deserved attention} 21... Qe8 $5 22. Ne3 Nxe3 23. Rxe3 g5 $132 {
[%cal Ge8h5] bringing the queen to h5.}) 22. Ne3 Bh6 (22... Nxe3 23. Rxe3 (23.
fxe3 Qe8 24. Kg2 g5 25. Rh1 g4 $13) 23... g5 24. Re1 Qe8 25. Kg2 g4 26. Nh4 Ng5
27. Bd2 Ne4 28. Bf4 $14) 23. Nxc4 Rxc4 24. Kg2 {[%cal Ge1h1,Gh1h4] Preparing
to double the rooks over an h-file.} Kf7 (24... Kg7 {[%csl Rh6]}) 25. Rh1 Rh8
26. Bd3 Rc8 27. Qe2 Qb6 28. Rh4 Bg7 (28... Kg7 29. Rah1 $16) 29. Rah1 Rxh4 30.
Rxh4 Rh8 {Black pieces are extremly passive, so even after exchange of the
rooks white's initiative is pretty strong.} (30... Kg8) 31. Rxh8 Bxh8 32. Qe3
Bg7 33. Nh4 Bf8 $6 ({Missing a chance to complicate the matters.} 33... b4 $1
34. axb4 Bb5 35. Bc2 Qc6 36. g4 g5 37. Nxf5 Nf4+ 38. Kh2 Qc8 $132 {[%cal Gc8h8]
}) 34. g4 $18 Ng7 (34... g5 35. Nxf5 Nf4+ 36. Kg1 $16) 35. Qg5 Qe6 36. Bb4 Bc8
37. Kh2 {Full domination. Black is just helpless.} (37. Bxb5 fxg4 38. Bxa4 Nf5
39. Nxg6 $18) 37... Bd7 38. Bc5 $22 Qc6 39. gxf5 gxf5 40. Nxf5 Qe6 41. Ne3 Qh3+
42. Kg1 Be6 43. Qg6+ Kg8 44. Bxb5 1-0